000 00646nam a2200277Ia 4500
005 20260324115002.0
008 008 260324s9999 xx 000 0 eng d
020 _a9781003088332
037 _aEBOOK
040 _aCRL
040 _beng
040 _cCRL
041 _2eng
041 _aeng
084 _qCRL
100 _aC. Lopez
_91152921
245 0 _aSafety Metrics for the Modern Safety Professional
260 _bTaylor and Francis
260 _c2020
365 _a
365 _b225
856 _uhttp://www.taylorfrancis.com/books/9781003088332
942 _cEBOOK
999 _c1743451
_d1743451